Państwa leżące na Bałkanach - Statystyki

Ogólne statystyki
  • Ten quiz został rozwiązany 67 razy
  • Średni wynik to 12 z 13
Statystyki odpowiedzi
Odsetek terytorium Państwo % Poprawnych
>99% Bośnia i Hercegowina
98%
65% Serbia
97%
54% Chorwacja
93%
>99% Czarnogóra
93%
>99% Albania
92%
80% Grecja
92%
100% Kosowo
92%
>99% Bułgaria
90%
100% Macedonia Północna
90%
50% Słowenia
90%
5% Rumunia
88%
3% Turcja
83%
0.1% Włochy
72%
Nie znaleziono quizów pasujących do podanych kryteriów
Rozkład punktacji
Procent ludzi z każdym wynikiem
Percentyl według liczby udzielonych odpowiedzi
Twoja historia wyników
Nie rozwiązałeś tego quizu